The Wonderful ball / (Record no. 14429)
[ view plain ]
| 000 -LEADER | |
|---|---|
| fixed length control field | 00494nam a22001812 4500 |
| 001 - CONTROL NUMBER | |
| control field | 0000008854 |
| 005 - DATE AND TIME OF LATEST TRANSACTION | |
| control field | 20151217160118.0 |
| 008 - FIXED-LENGTH DATA ELEMENTS--GENERAL INFORMATION | |
| fixed length control field | 080612s xx 000 0 eng d |
| 020 ## - INTERNATIONAL STANDARD BOOK NUMBER | |
| International Standard Book Number | 9966254412 : |
| Terms of availability | KES 180 |
| 040 ## - CATALOGING SOURCE | |
| Original cataloging agency | KABU |
| Transcribing agency | KABU |
| 100 1# - MAIN ENTRY--PERSONAL NAME | |
| Personal name | Ndegwa, Kabaru. |
| -- | 0000159628 |
| 245 14 - TITLE STATEMENT | |
| Title | The Wonderful ball / |
| Statement of responsibility, etc. | Kabaru Ndegwa. |
| 260 ## - PUBLICATION, DISTRIBUTION, ETC. (IMPRINT) | |
| Place of publication, distribution, etc. | Nairobi : |
| Name of publisher, distributor, etc. | E. A. E. P., |
| Date of publication, distribution, etc. | 2006. |
| 300 ## - PHYSICAL DESCRIPTION | |
| Extent | 16 p. |
| 908 ## - PUT COMMAND PARAMETER (RLIN) | |
| Put command parameter | 080612 |
| 950 ## - LOCAL HOLDINGS (RLIN) | |
| -- | 1 |
| Withdrawn status | Lost status | Source of classification or shelving scheme | Not for loan | Home library | Current library | Date acquired | Total Checkouts | Total Renewals | Full call number | Barcode | Date last seen | Date last checked out | Copy number | Price effective from | Koha item type |
|---|---|---|---|---|---|---|---|---|---|---|---|---|---|---|---|
| Library of Congress Classification | Kabarak, Main Campus | Kabarak, Main Campus | 17/12/2015 | 5 | 1 | PZ7 .N44W66 c. 1 | 33478 | 13/07/2025 | 11/07/2025 | C.1 | 17/12/2015 | Children Collection |